[Event "Southern Alberta Open"]
[Site "Calgary"]
[Date "2007.11.17"]
[Round "3"]
[White "Vasilev, Stephan"]
[Black "Huber, Greg"]
[Result "0-1"]
[WhiteElo "1543"]
[BlackElo "2327"]
[PlyCount "114"]
[EventDate "2007.11.17"]
[EventType "swiss"]
[EventRounds "5"]
[EventCountry "CAN"]

1. e4 c5 2. Nf3 e6 3. d4 cxd4 4. Nxd4 a6 5. Nc3 d6 6. g3 b6 7. Bg2 Bb7 8. O-O
Qc7 9. f4 Nd7 10. f5 e5 11. Nde2 Ngf6 12. h3 h5 13. Be3 Be7 14. a4 Rc8 15. b3
O-O 16. Rc1 Rfe8 17. Nd5 Bxd5 18. exd5 b5 19. axb5 axb5 20. Kh1 Qb7 21. Ng1 Rc3
22. Bd2 Rxg3 23. Ne2 Rxg2 24. Kxg2 Nxd5 25. Kh2 N7f6 26. Ng3 h4 27. Nh5 Nxh5
28. Qxh5 Nf6 29. Qxh4 Ne4 30. Qe1 d5 31. Rg1 Nxd2 32. Qxd2 Bf6 33. Qh6 Kf8 34.
Qh8+ Ke7 35. Qh5 e4 36. Rge1 b4 37. Qg4 Rh8 38. Rcd1 Rh4 39. Qg1 Qc7+ 40. Kg2
Qxc2+ 41. Kg3 Qc7+ 42. Kg2 Qc2+ 43. Kg3 d4 44. Qg2 Qxb3+ 45. Kh2 Be5+ 46. Kg1
Rxh3 47. Qxe4 Qg3+ 48. Kf1 Qf3+ 49. Qxf3 Rxf3+ 50. Kg2 Rxf5 51. Rxd4 Rg5+ 52.
Kf1 Rf5+ 53. Kg2 Rg5+ 54. Kf1 b3 55. Rb4 Rf5+ 56. Kg2 Rg5+ 57. Kf1 f6 0-1

[Event "Southern Alberta Open"]
[Site "Calgary"]
[Date "2007.11.17"]
[Round "3"]
[White "Wojtas, Artur"]
[Black "Hughey, Micah"]
[Result "1/2-1/2"]
[WhiteElo "1754"]
[BlackElo "2124"]
[PlyCount "99"]
[EventDate "2007.11.17"]
[EventType "swiss"]
[EventRounds "5"]
[EventCountry "CAN"]

1. e4 e5 2. Nf3 Nc6 3. Bb5 a6 4. Bxc6 dxc6 5. O-O Bg4 6. d3 Qf6 7. Nbd2 Ne7 8.
h3 h5 9. Qe2 Ng6 10. Qe3 Nf4 11. Re1 Bxh3 12. gxh3 Qg6+ 13. Ng5 Qxg5+ 14. Qg3
Nxh3+ 15. Kh2 Qxg3+ 16. fxg3 Nf2 17. Nc4 Ng4+ 18. Kg2 Bc5 19. c3 a5 20. Re2 b5
21. Nxe5 Nxe5 22. d4 Bd6 23. dxe5 Bxe5 24. Be3 h4 25. Bf4 Bxf4 26. gxf4 a4 27.
Rd2 Rd8 28. Rxd8+ Kxd8 29. Rh1 Ke7 30. Kf3 a3 31. b3 g6 32. Rd1 f6 33. Kg4 h3
34. Kg3 h2 35. Rh1 Ke6 36. Rxh2 Rxh2 37. Kxh2 g5 38. Kg3 c5 39. Kg4 b4 40. c4
Kd6 41. fxg5 fxg5 42. Kf5 g4 43. e5+ Ke7 44. Kxg4 Ke6 45. Kf4 c6 46. Ke4 Kf7
47. Kf5 Ke7 48. e6 Ke8 49. Kf6 Kf8 50. e7+ 1/2-1/2

[Event "Southern Alberta Open"]
[Site "Calgary"]
[Date "2007.11.18"]
[Round "4"]
[White "Gold, Itohan"]
[Black "Wojtas, Artur"]
[Result "1-0"]
[WhiteElo "1754"]
[BlackElo "2247"]
[PlyCount "31"]
[EventDate "2007.11.17"]
[EventType "swiss"]
[EventRounds "5"]
[EventCountry "CAN"]

1. e4 c5 2. Nf3 g6 3. d4 Bg7 4. Nc3 cxd4 5. Nxd4 Nc6 6. Nb3 Nf6 7. Bg5 O-O 8.
Qd2 a5 9. a3 a4 10. Nc1 Qa5 11. Be2 d6 12. O-O Be6 13. Bh6 Ne5 14. Bd3 Rac8 15.
Bxg7 Kxg7 16. N1e2 1-0

[Event "Southern Alberta Open"]
[Site "Calgary"]
[Date "2007.11.18"]
[Round "4"]
[White "Huber, Greg"]
[Black "Gardner, Robert"]
[Result "0-1"]
[WhiteElo "2327"]
[BlackElo "2261"]
[PlyCount "76"]
[EventDate "2007.11.17"]
[EventType "swiss"]
[EventRounds "5"]
[EventCountry "CAN"]

1. g3 g6 2. Bg2 Bg7 3. c4 f5 4. Nc3 Nf6 5. d3 c5 6. Bg5 Nc6 7. Qc1 h6 8. Bd2 e5
9. Nf3 d6 10. O-O Be6 11. Ne1 g5 12. a3 Qd7 13. Nd5 f4 14. Qd1 h5 15. Nf3 Nxd5
16. cxd5 Bxd5 17. Nxg5 Bxg2 18. Kxg2 h4 19. gxf4 exf4 20. Kh1 Qf5 21. Qb3 Qxg5
22. Qxb7 Qd5+ 23. f3 Ne7 24. Qb5+ Qc6 25. Qc4 Bxb2 26. Rab1 Be5 27. Bxf4 Bxf4
28. Qxf4 Kd7 29. d4 c4 30. Rb4 Rac8 31. Rfb1 c3 32. d5 Qxd5 33. Rb7+ Kd8 34.
Qf6 Qe5 35. Qf7 c2 36. Rc1 Qe3 37. Rxe7 Qxc1+ 38. Kg2 Qg5+ 0-1

[Event "Southern Alberta Open"]
[Site "Calgary"]
[Date "2007.11.18"]
[Round "4"]
[White "Hughey, Micah"]
[Black "Yuffa, Daniil"]
[Result "0-1"]
[WhiteElo "2124"]
[BlackElo "2107"]
[PlyCount "88"]
[EventDate "2007.11.17"]
[EventType "swiss"]
[EventRounds "5"]
[EventCountry "CAN"]

1. e4 c5 2. c3 d5 3. exd5 Qxd5 4. d4 cxd4 5. cxd4 Nc6 6. Nf3 e5 7. Nc3 Bb4 8.
Be3 e4 9. Nd2 Bxc3 10. bxc3 Nf6 11. Qb3 Qf5 12. Be2 O-O 13. O-O Qg6 14. Rfd1
Ne7 15. c4 Bh3 16. Bf1 Nf5 17. Bf4 Bg4 18. f3 Nxd4 19. Qc3 Ne6 20. Bd6 exf3 21.
Nxf3 Bxf3 22. Qxf3 Ng5 23. Qd3 Rfe8 24. Qxg6 hxg6 25. Rab1 b6 26. c5 bxc5 27.
Bxc5 Nge4 28. Bd4 Rac8 29. Rbc1 a5 30. Bb6 Rxc1 31. Rxc1 Rd8 32. Be3 Nd5 33.
Ba7 Ndc3 34. a4 Rd5 35. Bc4 Rd2 36. Bb6 Nxa4 37. Bxa5 Rd4 38. Ba2 Rd7 39. h3
Rb7 40. Be1 Nb6 41. Bb3 Ra7 42. Bd1 Nd7 43. Bf3 Ndf6 44. Kh2 Ng5 0-1

[Event "Southern Alberta Open"]
[Site "Calgary"]
[Date "2007.11.18"]
[Round "4"]
[White "Ibach, Horst"]
[Black "Zeggelaar, Mike"]
[Result "0-1"]
[WhiteElo "1345"]
[BlackElo "1528"]
[PlyCount "98"]
[EventDate "2007.11.17"]
[EventType "swiss"]
[EventRounds "5"]
[EventCountry "CAN"]

1. e4 e5 2. d4 exd4 3. c3 dxc3 4. Bc4 Nc6 5. Nf3 d6 6. h3 Be7 7. Nxc3 Nf6 8.
Ng5 O-O 9. b3 h6 10. Bxf7+ Rxf7 11. Nxf7 Kxf7 12. Bb2 Be6 13. Qd2 d5 14. O-O-O
Kg8 15. Rhe1 d4 16. Nb1 Bb4 17. Nc3 dxc3 18. Bxc3 Qxd2+ 19. Kxd2 Rd8+ 20. Kc2
Rxd1 21. Rxd1 Bxc3 22. Kxc3 Nxe4+ 23. Kb2 Kf7 24. f3 Ng3 25. f4 Ne2 26. Rd2
Ncd4 27. g4 c5 28. f5 Bd5 29. Rd1 Bg2 30. h4 Bh3 31. g5 hxg5 32. hxg5 Bxf5 33.
Rf1 Kg6 34. Rf2 Kxg5 35. Rg2+ Kf6 36. Rh2 g5 37. Rh8 g4 38. a3 g3 39. Rf8+ Ke5
40. Rg8 Kf4 41. Rg7 Bg4 42. Rf7+ Nf5 43. Rd7 Ned4 44. Rc7 g2 45. Rxc5 g1=Q 46.
Rc1 Qf2+ 47. Kb1 Ne3 48. Rc7 Bf5+ 49. Ka1 Nxb3# 0-1

[Event "Southern Alberta Open"]
[Site "Calgary"]
[Date "2007.11.18"]
[Round "4"]
[White "MacKinnon, Keith"]
[Black "Bae, Torstein"]
[Result "0-1"]
[WhiteElo "2058"]
[BlackElo "2402"]
[PlyCount "58"]
[EventDate "2007.11.17"]
[EventType "swiss"]
[EventRounds "5"]
[EventCountry "CAN"]

1. e4 c6 2. d4 d5 3. Nc3 dxe4 4. Nxe4 Nd7 5. Nf3 Ngf6 6. Bd3 Nxe4 7. Bxe4 Nf6
8. Bd3 Bg4 9. c3 e6 10. h3 Bh5 11. Bf4 Bd6 12. Bxd6 Qxd6 13. Be2 Nd7 14. Nd2
Bg6 15. Nc4 Qd5 16. Ne3 Qe4 17. Bf3 Qf4 18. Qe2 O-O 19. g3 Qc7 20. Nc4 e5 21.
Nxe5 Nxe5 22. dxe5 Rad8 23. Rd1 Rxd1+ 24. Kxd1 Qd7+ 25. Qd2 Qf5 26. Ke2 Re8 27.
Re1 Qxe5+ 28. Kf1 Bd3+ 29. Be2 Qe4 0-1

[Event "Southern Alberta Open"]
[Site "Calgary"]
[Date "2007.11.18"]
[Round "4"]
[White "Pellerin, Frank"]
[Black "Milne, Arthur"]
[Result "1/2-1/2"]
[WhiteElo "1828"]
[BlackElo "1881"]
[PlyCount "59"]
[EventDate "2007.11.17"]
[EventType "swiss"]
[EventRounds "5"]
[EventCountry "CAN"]

1. e4 c5 2. Nf3 Nf6 3. Nc3 Nc6 4. d4 d5 5. exd5 Nxd5 6. Nxd5 Qxd5 7. c4 Qe4+ 8.
Be3 Nxd4 9. Nxd4 cxd4 10. Qxd4 Qxd4 11. Bxd4 Be6 12. O-O-O Bd7 13. Bd3 e6 14.
Rhe1 Bb4 15. Re2 a6 16. a3 Ba5 17. b4 Bc7 18. Be4 O-O-O 19. g3 e5 20. Bc5 Bg4
21. Rxd8+ Rxd8 22. Rd2 Rxd2 23. Kxd2 g6 24. Bd5 b6 25. Be7 Bd8 26. Bxd8 Kxd8
27. Bb7 a5 28. bxa5 bxa5 29. Bd5 Kc7 30. Ke3 1/2-1/2

[Event "Southern Alberta Open"]
[Site "Calgary"]
[Date "2007.11.18"]
[Round "4"]
[White "Vasilev, Stephan"]
[Black "Bjerke, Silje"]
[Result "1/2-1/2"]
[WhiteElo "1543"]
[BlackElo "2164"]
[PlyCount "90"]
[EventDate "2007.11.17"]
[EventType "swiss"]
[EventRounds "5"]
[EventCountry "CAN"]

1. e4 c5 2. Nf3 d6 3. d4 Nf6 4. Nc3 cxd4 5. Nxd4 a6 6. g3 e5 7. Nde2 Be7 8. Bg2
O-O 9. O-O Be6 10. h3 Nbd7 11. f4 exf4 12. gxf4 Nb6 13. Kh2 Qc7 14. Nd4 Rad8
15. Qe1 Qc5 16. Be3 Qc7 17. Rd1 Nc4 18. Bc1 b5 19. Bf3 Bc8 20. a3 Kh8 21. Rg1
Rg8 22. Rd3 Rde8 23. Qg3 g6 24. b3 Nb6 25. Bb2 Qc5 26. Rg2 Nh5 27. Bxh5 Qxh5
28. Ndxb5 axb5 29. Nxb5+ f6 30. Nxd6 Ref8 31. e5 Be6 32. c4 Nd7 33. b4 fxe5 34.
fxe5 Rf1 35. Ne4 Rgf8 36. Ng5 Bf5 37. Rxd7 Bxd7 38. e6+ Kg8 39. Qe5 Rh1+ 40.
Kxh1 Qd1+ 41. Rg1 Bc6+ 42. Ne4 Qf3+ 43. Rg2 Qxh3+ 44. Kg1 Qe3+ 45. Kh2 Qh6+
1/2-1/2

[Event "Southern Alberta Open"]
[Site "Calgary"]
[Date "2007.11.18"]
[Round "4"]
[White "Yearwood, Roy"]
[Black "Daniluk, Jim"]
[Result "1/2-1/2"]
[WhiteElo "2119"]
[BlackElo "2037"]
[PlyCount "105"]
[EventDate "2007.11.17"]
[EventType "swiss"]
[EventRounds "5"]
[EventCountry "CAN"]

1. c4 e5 2. Nc3 Nf6 3. g3 d5 4. cxd5 Nxd5 5. Bg2 Nb6 6. Nf3 Nc6 7. d3 Be7 8.
O-O O-O 9. Be3 f5 10. Qc1 Be6 11. Rd1 Nd5 12. Nxd5 Bxd5 13. d4 e4 14. Ne5 Bf6
15. Qc3 Qe7 16. Nxc6 bxc6 17. Rac1 Rfb8 18. b3 Qa3 19. Rc2 Be7 20. f3 Bd6 21.
fxe4 fxe4 22. Bc1 Qa6 23. Qe3 Re8 24. Bh3 Qb6 25. Bb2 a5 26. Rdc1 Re7 27. Qg5
Rf7 28. Bc3 a4 29. b4 Bxb4 30. Rb1 Bxc3 31. Rxb6 Bxd4+ 32. e3 h6 33. Qxd5 Bxe3+
34. Kg2 cxd5 35. Rbc6 Re7 36. Rxc7 Rxc7 37. Rxc7 Ra6 38. Rd7 Rb6 39. Bg4 g6 40.
Rxd5 Rb2+ 41. Kf1 Rf2+ 42. Ke1 Rxh2 43. Re5 Bf2+ 44. Kd1 e3 45. Be6+ Kg7 46.
Re4 Kf6 47. g4 h5 48. gxh5 Rxh5 49. Ke2 Re5 50. Rxe5 Kxe5 51. Bd7 Kf4 52. Bxa4
Bh4 53. Bc6 1/2-1/2

[Event "Southern Alberta Open"]
[Site "Calgary"]
[Date "2007.11.18"]
[Round "5"]
[White "Bae, Torstein"]
[Black "Huber, Greg"]
[Result "1-0"]
[WhiteElo "2402"]
[BlackElo "2327"]
[PlyCount "74"]
[EventDate "2007.11.17"]
[EventType "swiss"]
[EventRounds "5"]
[EventCountry "CAN"]

1. d4 Nf6 2. Bg5 e6 3. e4 h6 4. Bxf6 Qxf6 5. Nc3 Bb4 6. Qd2 c5 7. a3 cxd4 8.
axb4 dxc3 9. bxc3 d5 10. exd5 exd5 11. Nf3 O-O 12. Be2 Rd8 13. O-O Nc6 14. Rfe1
Bf5 15. Bb5 Be4 16. Bxc6 Bxf3 17. Bxb7 Qg6 18. g3 Rab8 19. Ba6 Qb6 20. Re3 Be4
21. Bf1 Rb7 22. Rd1 Rbd7 23. c4 Qg6 24. c3 Bc2 25. Rc1 Bb3 26. c5 d4 27. cxd4
Rxd4 28. Re8+ Kh7 29. Rxd8 Rxd2 30. Rxd2 Qg5 31. f4 Qe7 32. Re2 Qd8 33. c6 Qb6+
34. Kh1 Be6 35. Rxe6 fxe6 36. c7 Qb7+ 37. Bg2 Qc8 1-0

[Event "Southern Alberta Open"]
[Site "Calgary"]
[Date "2007.11.18"]
[Round "5"]
[White "Bjerke, Silje"]
[Black "Gold, Itohan"]
[Result "1-0"]
[WhiteElo "2164"]
[BlackElo "2247"]
[PlyCount "29"]
[EventDate "2007.11.17"]
[EventType "swiss"]
[EventRounds "5"]
[EventCountry "CAN"]

1. e4 c5 2. Nf3 d6 3. d4 cxd4 4. Nxd4 Nf6 5. Nc3 a6 6. Bc4 e6 7. Bb3 b5 8. Bg5
Be7 9. Qf3 Qc7 10. O-O-O O-O 11. e5 dxe5 12. Bxf6 Bxf6 13. Nxe6 fxe6 14. Qxa8
Nc6 15. Nxb5 1-0

[Event "Southern Alberta Open"]
[Site "Calgary"]
[Date "2007.11.18"]
[Round "5"]
[White "Daniluk, Jim"]
[Black "Yuffa, Daniil"]
[Result "0-1"]
[WhiteElo "2037"]
[BlackElo "2107"]
[PlyCount "74"]
[EventDate "2007.11.17"]
[EventType "swiss"]
[EventRounds "5"]
[EventCountry "CAN"]

1. d4 Nf6 2. e3 g6 3. Bd3 Bg7 4. c3 O-O 5. Nd2 c5 6. f4 cxd4 7. exd4 d6 8. Ngf3
Nbd7 9. Qe2 Re8 10. O-O Qc7 11. f5 e5 12. fxe6 fxe6 13. Bc4 d5 14. Bb3 a5 15.
a4 b6 16. Qf2 Bb7 17. Qh4 Rf8 18. Ng5 Rae8 19. Ndf3 h6 20. Bc2 hxg5 21. Nxg5
Nh5 22. Bxg6 Rxf1+ 23. Kxf1 Rf8+ 24. Kg1 Qc4 25. Bd2 Ba6 26. h3 Rf1+ 27. Rxf1
Qxf1+ 28. Kh2 Nhf6 29. Bh7+ Kf8 30. Nxe6+ Kf7 31. Nxg7 Kxg7 32. Qh6+ Kf7 33.
Bg6+ Ke6 34. Bg5 Bd3 35. Be8 Be4 36. Bxd7+ Kxd7 37. Qg7+ Ke6 0-1

[Event "Southern Alberta Open"]
[Site "Calgary"]
[Date "2007.11.18"]
[Round "5"]
[White "Kalaydina, Nicka"]
[Black "Pellerin, Frank"]
[Result "1/2-1/2"]
[WhiteElo "1415"]
[BlackElo "1828"]
[PlyCount "55"]
[EventDate "2007.11.17"]
[EventType "swiss"]
[EventRounds "5"]
[EventCountry "CAN"]

1. e4 e5 2. Nf3 Nc6 3. Bc4 Bc5 4. c3 Nf6 5. d3 d6 6. a4 a6 7. O-O O-O 8. Nbd2
h6 9. h3 Rb8 10. b4 Bb6 11. Re1 Be6 12. Ba2 Bxa2 13. Rxa2 Qe8 14. Nf1 Qe6 15.
Rd2 Ne7 16. d4 c6 17. Ng3 Rbd8 18. Nh4 Qc4 19. a5 Ba7 20. dxe5 Nfd5 21. exd6
Rxd6 22. exd5 Qxh4 23. Re4 Qxg3 24. Rxe7 Rg6 25. Qf1 Qd6 26. Qe2 Qg3 27. Qf1
Qd6 28. Qe2 1/2-1/2

[Event "Southern Alberta Open"]
[Site "Calgary"]
[Date "2007.11.18"]
[Round "5"]
[White "Pedersen, Rick"]
[Black "Vasilev, Stephan"]
[Result "1/2-1/2"]
[WhiteElo "1927"]
[BlackElo "1543"]
[PlyCount "48"]
[EventDate "2007.11.17"]
[EventType "swiss"]
[EventRounds "5"]
[EventCountry "CAN"]

1. e4 c5 2. Nf3 e6 3. d4 cxd4 4. Nxd4 a6 5. Bc4 Nf6 6. Nc3 Qc7 7. Bb3 Bb4 8.
O-O Nc6 9. Nxc6 dxc6 10. Qf3 e5 11. h3 h6 12. Ne2 Qe7 13. Ng3 Bc5 14. Re1 g6
15. Be3 Bxe3 16. Qxe3 Be6 17. Rad1 Rd8 18. Bxe6 Qxe6 19. Rxd8+ Kxd8 20. Rd1+
Kc7 21. Qd2 Qe7 22. Qa5+ Kc8 23. f3 h5 24. Nf1 Qc7 1/2-1/2

[Event "Southern Alberta Open"]
[Site "Calgary"]
[Date "2007.11.18"]
[Round "5"]
[White "Swiecicki, Bronislaw"]
[Black "Hughey, Micah"]
[Result "0-1"]
[WhiteElo "1540"]
[BlackElo "2124"]
[PlyCount "70"]
[EventDate "2007.11.17"]
[EventType "swiss"]
[EventRounds "5"]
[EventCountry "CAN"]

1. e4 e5 2. Nf3 Nc6 3. Nc3 Nf6 4. a3 d5 5. exd5 Nxd5 6. Nxd5 Qxd5 7. d3 f6 8.
Be2 Be6 9. O-O O-O-O 10. c4 Qd7 11. b4 Bf5 12. Ne1 Nd4 13. Be3 Nxe2+ 14. Qxe2
Bxd3 15. Nxd3 Qxd3 16. Qxd3 Rxd3 17. g3 Be7 18. Rfd1 Rhd8 19. Rxd3 Rxd3 20. c5
c6 21. Kf1 Kd7 22. Ke2 Rd5 23. Ra2 Ke6 24. Rd2 Rxd2+ 25. Bxd2 f5 26. f3 Kd5 27.
Kd3 Bf6 28. Kc2 e4 29. f4 Bd4 30. Bc3 a5 31. h3 h5 32. Be1 Kc4 33. Bd2 Bf2 34.
Bc3 axb4 35. axb4 e3 0-1

[Event "Winter Sectional A"]
[Site "Edmonton"]
[Date "2007.12.14"]
[Round "1"]
[White "Hughey, Micah"]
[Black "MacKinnon, Keith"]
[Result "1-0"]
[WhiteElo "2067"]
[BlackElo "2077"]
[PlyCount "41"]
[EventDate "2007.12.14"]
[EventType "tourn"]
[EventRounds "5"]
[EventCountry "CAN"]

1. e4 e5 2. Nf3 Nc6 3. Bc4 Bc5 4. b4 Bxb4 5. c3 Ba5 6. d4 exd4 7. O-O d6 8. Qb3
Qe7 9. e5 Bb6 10. exd6 cxd6 11. Ba3 Be6 12. Re1 Nd8 13. cxd4 Nf6 14. d5 Ng4 15.
Re2 Nxf2 16. dxe6 Ng4+ 17. Kf1 Nxh2+ 18. Nxh2 Qf6+ 19. Qf3 Qxa1 20. exf7+ Kd7
21. Qf5+ 1-0

[Event "Winter Sectional A"]
[Site "Edmonton"]
[Date "2007.12.14"]
[Round "1"]
[White "Shabalov, Alexander"]
[Black "Haynes, Nicolas"]
[Result "1-0"]
[WhiteElo "2629"]
[BlackElo "2233"]
[PlyCount "129"]
[EventDate "2007.12.14"]
[EventType "tourn"]
[EventRounds "5"]
[EventCountry "CAN"]

1. e4 e5 2. Nf3 Nc6 3. Bb5 Nf6 4. Qe2 Bc5 5. c3 O-O 6. d3 Re8 7. Bg5 a6 8. Ba4
b5 9. Bb3 Be7 10. Nbd2 d6 11. Nf1 Be6 12. Ng3 h6 13. Be3 Bf8 14. O-O d5 15.
Rfd1 Qd7 16. h3 d4 17. Bxe6 Rxe6 18. cxd4 Nxd4 19. Nxd4 exd4 20. Bd2 c5 21. f4
c4 22. Kh2 Rc8 23. Rac1 Rec6 24. e5 Nd5 25. dxc4 bxc4 26. Qe4 d3 27. Nf5 Nb6
28. Nd4 Rc5 29. Be3 Qd5 30. Qf3 Qxf3 31. Nxf3 Rb5 32. Bxb6 Rxb6 33. b3 Rbc6 34.
Nd4 Rc5 35. bxc4 Rxc4 36. Rxc4 Rxc4 37. Rxd3 Ra4 38. f5 Rxa2 39. Nf3 Be7 40.
Rc3 Bg5 41. Rc4 Kf8 42. h4 Bd8 43. Kh3 Ra3 44. Kg4 Ke8 45. Kh5 Ra2 46. g4 Ra3
47. Rf4 Bb6 48. g5 hxg5 49. hxg5 Re3 50. g6 Bc7 51. Rc4 Rxf3 52. gxf7+ Kxf7 53.
Rxc7+ Kf8 54. Kg5 Rg3+ 55. Kf4 Rg1 56. Ke4 Rd1 57. Ra7 Re1+ 58. Kd5 Rd1+ 59.
Ke6 Rd8 60. f6 gxf6 61. Kxf6 Re8 62. Rh7 Kg8 63. Rg7+ Kh8 64. Rg1 Kh7 65. Kf7
1-0

[Event "Winter Sectional A"]
[Site "Edmonton"]
[Date "2007.12.15"]
[Round "2"]
[White "MacKinnon, Keith"]
[Black "Yearwood, Roy"]
[Result "1/2-1/2"]
[WhiteElo "2067"]
[BlackElo "2077"]
[PlyCount "30"]
[EventDate "2007.12.14"]
[EventType "tourn"]
[EventRounds "5"]
[EventCountry "CAN"]

1. e4 e6 2. d4 d5 3. Nc3 dxe4 4. Nxe4 Nd7 5. Nf3 Ngf6 6. Nxf6+ Nxf6 7. Bd3 c5
8. O-O Be7 9. c3 O-O 10. Qe2 cxd4 11. Nxd4 Qc7 12. Bg5 h6 13. Bh4 Nd5 14. Bg3
Qb6 15. Be4 Nf6 1/2-1/2

[Event "Winter Sectional A"]
[Site "Edmonton"]
[Date "2007.12.15"]
[Round "2"]
[White "Shabalov, Alexander"]
[Black "Hughey, Micah"]
[Result "1-0"]
[WhiteElo "2629"]
[BlackElo "2067"]
[PlyCount "53"]
[EventDate "2007.12.14"]
[EventType "tourn"]
[EventRounds "5"]
[EventCountry "CAN"]

1. e4 e5 2. Nf3 Nc6 3. Bc4 Nf6 4. d3 Bc5 5. c3 d6 6. O-O O-O 7. Bb3 a6 8. Nbd2
Ba7 9. h3 Re8 10. Re1 h6 11. Nf1 Be6 12. Ng3 Ne7 13. Nh4 Qd7 14. Qf3 Kh7 15.
Bc2 Nfg8 16. Bd2 g6 17. Rad1 a5 18. d4 exd4 19. Ngf5 gxf5 20. exf5 Bc4 21. Qh5
f6 22. b3 Bd5 23. Re6 Rf8 24. Rde1 Qe8 25. Rxe7+ Nxe7 26. Ng6 Nxf5 27. Bxf5 1-0

[Event "Winter Sectional A"]
[Site "Edmonton"]
[Date "2007.12.15"]
[Round "3"]
[White "Hughey, Micah"]
[Black "Haynes, Nicolas"]
[Result "0-1"]
[WhiteElo "2067"]
[BlackElo "2233"]
[PlyCount "69"]
[EventDate "2007.12.14"]
[EventType "tourn"]
[EventRounds "5"]
[EventCountry "CAN"]

1. e4 e6 2. c4 c5 3. Nf3 Nc6 4. d4 cxd4 5. Nxd4 Nf6 6. Nc3 Bb4 7. Nxc6 bxc6 8.
Bd3 e5 9. O-O O-O 10. Bg5 h6 11. Bh4 Bc5 12. Qf3 g5 13. Bg3 d6 14. Qd1 Rb8 15.
h4 Ng4 16. hxg5 Qxg5 17. Qc1 Qg6 18. Re1 Kh7 19. Nd1 Rg8 20. Bf1 Nf6 21. Ne3
Nxe4 22. Bd3 f5 23. Bxe4 fxe4 24. Qc2 Bd4 25. Rab1 h5 26. Kf1 Rf8 27. Ke2 Bxe3
28. Kxe3 Qg5+ 29. Ke2 Bf5 30. Rbd1 e3 31. Qc1 Bg4+ 32. f3 Bxf3+ 33. gxf3 Qxg3
34. Qxe3 Qg2+ 35. Kd3 0-1

[Event "Winter Sectional A"]
[Site "Edmonton"]
[Date "2007.12.15"]
[Round "3"]
[White "Yearwood, Roy"]
[Black "Shabalov, Alexander"]
[Result "1/2-1/2"]
[WhiteElo "2115"]
[BlackElo "2629"]
[PlyCount "115"]
[EventDate "2007.12.14"]
[EventType "tourn"]
[EventRounds "5"]
[EventCountry "CAN"]

1. e4 Nf6 2. Nc3 d5 3. exd5 Nxd5 4. Bc4 Nb6 5. Bb3 Nc6 6. Nf3 Na5 7. d4 Bf5 8.
Bf4 c6 9. Qe2 e6 10. O-O Be7 11. Rad1 O-O 12. Ne5 Nd5 13. Nxd5 cxd5 14. Ba4 Bd6
15. Bg3 Rc8 16. c3 Bxe5 17. Bxe5 Qb6 18. Bf4 Rc4 19. b4 Nc6 20. Qe3 Ne7 21. Bb3
Rc6 22. Ba4 Rcc8 23. Qg3 Bg6 24. Rc1 Qa6 25. Bb3 Qa3 26. Qe3 a5 27. bxa5 Qxa5
28. c4 dxc4 29. Rxc4 Rxc4 30. Bxc4 Nf5 31. Qb3 h5 32. Qxb7 Qc3 33. Ba6 Qxd4 34.
Bc1 Rd8 35. Bb2 Qa4 36. a3 Rd2 37. Bc1 Rd5 38. h3 Kh7 39. Be2 Nd4 40. Bd1 Qa5
41. Qb4 Qd8 42. Bb2 e5 43. Qc3 Qb6 44. Re1 Rb5 45. Bc1 Qd6 46. a4 Rb1 47. a5 f6
48. Qc8 Nc6 49. a6 Ra1 50. Bb3 Ne7 51. Qf8 Rxa6 52. Rd1 Qc7 53. Be3 e4 54. Rd8
Ra1+ 55. Bd1 Rxd1+ 56. Rxd1 Nc6 57. Qc5 Qb7 58. Qb6 1/2-1/2

[Event "Winter Sectional A"]
[Site "Edmonton"]
[Date "2007.12.16"]
[Round "4"]
[White "Haynes, Nicolas"]
[Black "MacKinnon, Keith"]
[Result "1/2-1/2"]
[WhiteElo "2223"]
[BlackElo "2077"]
[PlyCount "107"]
[EventDate "2007.12.14"]
[EventType "tourn"]
[EventRounds "5"]
[EventCountry "CAN"]

1. c4 c6 2. Nf3 d5 3. d4 Nf6 4. Nc3 e6 5. e3 Nbd7 6. Qc2 Bd6 7. b3 O-O 8. Bb2
Re8 9. Be2 dxc4 10. Bxc4 b5 11. Be2 Bb7 12. O-O e5 13. dxe5 Nxe5 14. Rfd1 Qc7
15. h3 a6 16. Ng5 c5 17. e4 h6 18. Nf3 Nxf3+ 19. Bxf3 Be5 20. Nd5 Nxd5 21. exd5
Qd6 22. Rd2 Rad8 23. Rad1 Bxb2 24. Qxb2 Re5 25. Qc3 Rc8 26. g3 c4 27. b4 Re7
28. a3 Rce8 29. Qd4 Re1+ 30. Rxe1 Rxe1+ 31. Kg2 Qe5 32. d6 Qxd4 33. Rxd4 Bxf3+
34. Kxf3 Re8 35. d7 Rd8 36. Rd6 Kf8 37. Ke2 Ke7 38. Rxa6 Rxd7 39. Rb6 Rd5 40.
Ke3 Rd3+ 41. Ke4 Rxa3 42. Rxb5 Ra2 43. Rb7+ Ke6 44. Rc7 Rxf2 45. Rxc4 Kd6 46.
Rd4+ Ke6 47. Ke3 Rb2 48. Kf3 Rb3+ 49. Kf2 Rb2+ 50. Kf1 Rb3 51. Kf2 Rb2+ 52. Kf3
Rb3+ 53. Kg2 Rb2+ 54. Kf3 1/2-1/2

[Event "Winter Sectional A"]
[Site "Edmonton"]
[Date "2007.12.16"]
[Round "4"]
[White "Hughey, Micah"]
[Black "Yearwood, Roy"]
[Result "1/2-1/2"]
[WhiteElo "2067"]
[BlackElo "2115"]
[PlyCount "33"]
[EventDate "2007.12.14"]
[EventType "tourn"]
[EventRounds "5"]
[EventCountry "CAN"]

1. e4 Nc6 2. Nf3 d6 3. d4 Nf6 4. Nc3 Bg4 5. Be2 e5 6. Be3 Be7 7. Qd2 O-O 8. O-O
Bxf3 9. Bxf3 exd4 10. Bxd4 Nxd4 11. Qxd4 Nd7 12. Nd5 Bf6 13. Nxf6+ Qxf6 14.
Rad1 Rfe8 15. Qxf6 Nxf6 16. Rfe1 Re5 17. Re3 1/2-1/2

[Event "Winter Sectional A"]
[Site "Edmonton"]
[Date "2007.12.16"]
[Round "5"]
[White "MacKinnon, Keith"]
[Black "Shabalov, Alexander"]
[Result "0-1"]
[WhiteElo "2077"]
[BlackElo "2629"]
[PlyCount "78"]
[EventDate "2007.12.14"]
[EventType "tourn"]
[EventRounds "5"]
[EventCountry "CAN"]

1. e4 c5 2. Nf3 Nc6 3. d4 cxd4 4. Nxd4 Nf6 5. Nc3 e5 6. Ndb5 d6 7. Bg5 a6 8.
Na3 b5 9. Bxf6 gxf6 10. Nd5 Bg7 11. c3 f5 12. exf5 Bxf5 13. Nc2 O-O 14. Nce3
Be6 15. Bd3 f5 16. Qh5 e4 17. Bc2 Ne7 18. Bb3 Ng6 19. f4 exf3 20. Qxf3 f4 21.
Nc2 a5 22. a3 Kh8 23. Nd4 Bxd4 24. cxd4 Qh4+ 25. Kd2 Bg4 26. Qf1 f3 27. g3 Qg5+
28. Ne3 Rae8 29. Qf2 Re4 30. Rad1 Rc8 31. h3 a4 32. hxg4 axb3 33. Qxf3 Rxd4+
34. Ke2 Rxd1 35. Qb7 Re1+ 36. Rxe1 Re8 37. Kf2 Qf6+ 38. Kg1 Qd4 39. Kf2 Ne5 0-1

[Event "Winter Sectional A"]
[Site "Edmonton"]
[Date "2007.12.16"]
[Round "5"]
[White "Yearwood, Roy"]
[Black "Haynes, Nicolas"]
[Result "1-0"]
[WhiteElo "2115"]
[BlackElo "2233"]
[PlyCount "69"]
[EventDate "2007.12.14"]
[EventType "tourn"]
[EventRounds "5"]
[EventCountry "CAN"]

1. e4 c5 2. Nf3 Nc6 3. Bb5 g6 4. O-O Bg7 5. Re1 Nf6 6. Nc3 O-O 7. b3 d6 8. Bxc6
bxc6 9. Bb2 e5 10. Na4 c4 11. d4 exd4 12. Qxd4 cxb3 13. axb3 Nh5 14. Qd2 Bxb2
15. Nxb2 Qf6 16. Nc4 Rd8 17. Rad1 Bg4 18. Re3 Nf4 19. Nxd6 Nh3+ 20. Kf1 Ng5 21.
e5 Qe7 22. Nxg5 Bxd1 23. Rd3 Bxc2 24. Rd4 f6 25. Qxc2 fxg5 26. Qe4 Rf8 27. Rc4
Qe6 28. f3 Rad8 29. g3 c5 30. Kg2 Rxd6 31. exd6 Qxd6 32. Qe3 Rf5 33. Re4 Rd5
34. Re6 Rd2+ 35. Kh3 1-0

[Event "Calgary Chess Club Championship"]
[Site "Calgary"]
[Date "2008.03.04"]
[Round "1"]
[White "Vasilev, Stephan"]
[Black "Ficzere, Tony"]
[Result "1-0"]
[WhiteElo "2117"]
[BlackElo "1879"]
[PlyCount "31"]
[EventDate "2008.03.04"]
[EventType "swiss"]
[EventRounds "5"]
[EventCountry "CAN"]

1. e4 c5 2. Nf3 Nc6 3. d4 cxd4 4. Nxd4 Nf6 5. Nc3 e5 6. Ndb5 d6 7. Nd5 Nxd5 8.
exd5 Ne7 9. c3 Nf5 10. Bd3 a6 11. Na3 g6 12. O-O Bg7 13. Qa4+ Bd7 14. Qb4 b5
15. Nb1 Qh4 16. Bxf5 1-0